|
|
|
|
| LEADER |
01052nam a2200241 i 4500 |
| 001 |
6420909 |
| 003 |
GR-PaULI |
| 005 |
20210117210921.0 |
| 008 |
011211r20001967enka g b 001 0 eng d |
| 952 |
|
|
|0 0
|1 0
|2 ddc
|4 0
|6 701_150000000000000_EHR
|7 0
|9 232945
|a THST
|b THST
|d 2019-06-11
|i 001790
|l 0
|o 701.15 EHR
|p 025000016973
|r 2019-06-11 00:00:00
|t 1
|v 2019.00
|w 2019-06-11
|y BK15
|
| 999 |
|
|
|c 141414
|d 141414
|
| 020 |
|
|
|a 1842122592
|
| 040 |
|
|
|a GR-PaULI
|b gre
|c GR-PaULI
|e AACR2
|
| 082 |
0 |
4 |
|a 701.15
|2 23
|
| 100 |
1 |
|
|a Ehrenzweig, Anton
|e συγγραφέας
|
| 245 |
0 |
4 |
|a The hidden order of art :
|b a study on the psychology of artistic imagination /
|c Anton Ehrenzweig.
|
| 260 |
|
|
|a London :
|b Phoenix,
|c 2000.
|
| 300 |
|
|
|a 320 σ., [24] σ. με εικ. :
|b εικ. ;
|c 22 εκ.
|
| 504 |
|
|
|6 Περιλαμβάνει βιβλιογραφία και ευρετήριο.
|
| 650 |
|
4 |
|a Τέχνη
|x Ψυχολογία
|9 6284
|
| 650 |
|
4 |
|a Δημιουργία (Λογοτεχνική, καλλιτεχνική κλπ.)
|9 45715
|
| 942 |
|
|
|2 ddc
|c BK15
|
| 998 |
|
|
|c ΜΑΝΙΑ
|d 2019-06
|